terraria slimes - Statistics

General Stats
  • This quiz has been taken 797 times
  • The average score is 15 of 18
Answer Stats
Hint Answer % Correct
forest blue slime
100%
forest green slime
99%
jungle jungle slime
95%
snow ice slime
94%
boss king slime
93%
forest purple slime
92%
underground red slime
91%
cavern mother slime
89%
desert sand slime
89%
underground yellow slime
89%
underworld lava slime
88%
cavern black slime
86%
dungeon dungeon slime
85%
during rain umbrella slime
84%
any biome pinky
82%
underground jungle spiked jungle slime
67%
snow spiked ice slime
63%
cavern baby slime
60%
No matching quizzes found
Score Distribution
Percent of People with Each Score
Percentile by Number Answered
Your Score History
You have not taken this quiz